000 00619cam a22002172a 4500
001 001660
003 AR-FADEU
008 311216n1992####xxu####################dd
020 _a0-521-40075-9
092 _a401.931
_bS163
_eMAESTRIA
100 _aSaleemi, Anjum P.
245 _aUniversal grammar and language learnability
260 _aCambridge
260 _bCambridge University
260 _c1992
300 _a168 p
440 _aCambridge studies in linguistics
650 _a/LINGUISTICA/ADQUISICION DEL LENGUAJE-L1; GRAMATICA GENERATIVA/REVISADO//MAESTRIA/
546 _aInglés
942 _cMAESTRIA
999 _c7498
_d7498